| 000 | 00400nam a22001697a 4500 | ||
|---|---|---|---|
| 003 | NUST - PNEC | ||
| 005 | 20170116180827.0 | ||
| 008 | 150727b xxu||||| |||| 00| 0 eng d | ||
| 020 | _a- | ||
| 040 | _cLIBRARY | ||
| 082 | _a512 ALB | ||
| 100 |
_94435 _aAlbert a. adrin |
||
| 245 |
_aModern higher algbra _cA . adrian albert |
||
| 260 | _cc1936. | ||
| 650 |
_94436 _aAlgebra _xME |
||
| 942 |
_2ddc _cBK |
||
| 999 |
_c63923 _d63923 |
||